000 00730cam a2200253 a 4500
001 000007870
005 20200929154329.0
008 820924s1990 sp 000 f spa d
020 _a8420480037
040 _aDO-SdBNP
_bspa
_cDLC
_dBNPHU
082 _a863.64
_bD568es, 1990
100 1 _aDíez, Luis Mateo,
_d1942-
_94763
245 1 4 _aLas estaciones provinciales /
_cLuis Mateo Díez.
250 _a5a ed.
260 _aMadrid :
_bAlfaguara,
_c1990.
300 _a265 p. ;
_c22 cm.
490 1 _aAlfaguara hispánica
_v7
650 4 _aNovela española
_91123
650 4 _aLiteratura española
_9632
830 0 _aAlfaragua hispánica ;
_v7
_921650
910 _aCatalogación derivada / LC
910 _aWM
049 _aBNGR
999 _c7648
_d7648